| 000 | 00486nam a2200181Ia 4500 | ||
|---|---|---|---|
| 003 | OSt | ||
| 005 | 20230809155651.0 | ||
| 008 | 221216s9999||||xx |||||||||||||| ||und|| | ||
| 020 | _a0256260737 | ||
| 040 | _cChuka University Library | ||
| 050 |
_aHF 5657.4 _b.G37 2000 |
||
| 100 |
_aGarrison, Ray H. _92506 |
||
| 245 | 0 | _aManagerial Accounting | |
| 260 |
_aBoston _bMcGraw-Hill _c2000 |
||
| 300 |
_a923p _bColour illustrations |
||
| 650 |
_aManagerial accounting _9158 |
||
| 942 |
_cBK _2lcc |
||
| 999 |
_c3404 _d3404 |
||